Extremely Hard General Knowledge #43 - Statistics

General Stats
  • This quiz has been taken 401 times
  • The average score is 5 of 20
Answer Stats
Hint Answer % Correct
Which planet in the Solar System has moons that are named after characters from the works of William Shakespeare and Alexander Pope? Uranus
73%
Who became the first female prime minister of Israel when she was elected in 1969? Golda Meir
62%
Which U.S. federal holiday is celebrated on the first Monday of September? {Labor} Day
55%
In which year was the original Godzilla film, known in Japan as Gojira, released? 1954
35%
Which county house in Norfolk do the Royal Family traditionally spend Christmas and New Year? {Sandringham} House
30%
From 1970-1974, before she became the Leader of the Opposition, Margaret Thatcher was the Secretary of State for which department Education and Science
28%
Who had 3 UK Number Ones with "Keep on Movin'", "We Will Rock You" and "Let's Dance" as well as UK Number Two with "Everybody Get Up"? 5ive
27%
Which cricket batsman has the most runs for West Indies, as well as the highest individual score in an innings with 400 not out against England? Brian Lara
25%
What was the Roman name for Paris? Lutetia
22%
In Hinduism, the four books of Mantra, Song, Ritual and Spell make up which collection of holy books? Vedas
19%
Which word beginning with Z is given to a situation in chess where any possible move will worsen a person's position? Zugzwang
16%
Which Canadian actor starred as Shang-Chi in the 2021 MCU film 'Shang-Chi and the Legend of the Ten Rings'? Simu Liu
15%
Who beat the Houston Astros to win the 2021 World Series? Atlanta Braves
14%
The insects, cicadas are known to emerge in x-year and y-year cycles. What are x and y? 13 and 17
8%
Which Cornish cheese is wrapped in nettle leaves to form an edible rind? Cornish {Yarg}
7%
Which Russian realist painter's works included Ivan the Terrible and His Son Ivan , Portrait of M. P. Mussorgsky, and Barge Haulers on the Volga? Ilya Repin
5%
Which two people mentioned in "Vogue" by Madonna are cousins? Rita Hayworth
5%
Which two people mentioned in "Vogue" by Madonna are cousins? Ginger Rogers
4%
In 1945, who won the Best Supporting Actor Oscar AND was also nominated for the Best Lead Actor for the same role in Going My Way (1944)? Barry Fitzgerald
2%
Which South-African novelist was awarded the 2021 Booker Prize for his novel The Promise? Damon Galgut
1%
No matching quizzes found
Score Distribution
Percent of People with Each Score
Percentile by Number Answered
Your Score History
You have not taken this quiz